245 personnages Harry Potter à trouver - Statistiques

Statistiques générales
  • Ce quiz a été pris 1 315 fois
    1 096 depuis la dernière actualisation
  • Le résultat moyen est 128 sur 244
Statistiques - réponses
Lettre alphabet Personnage % Correct
Harry Potter
98%
Albus Dumbledore
97%
Ron Weasley
97%
Fred II Weasley
94%
Fred Weasley
94%
George Weasley
94%
Ginny Weasley
94%
Hermione Granger
93%
James Potter
93%
W Arthur Weasley
92%
Charlie Weasley
92%
Drago Malefoy
92%
Lily Potter
92%
Molly II Weasley
92%
Molly Weasley
92%
Bill Weasley
91%
Percy Weasley
91%
Sirius Black
91%
Severus Rogue
90%
Lucius Malefoy
89%
Bellatrix Lestrange
87%
Minerva McGonagall
86%
Narcissa Malefoy
86%
Neville Londubat
86%
Remus Lupin
86%
Luna Lovegood
85%
Abelforth Dumbledore
84%
H Rubeus Hagrid
84%
Fleur Delacour
82%
Hugo Granger-Weasley
82%
Regulus Black
82%
Rose Granger-Weasley
82%
Ariana Dumbledore
81%
Albus Severus Potter
80%
Cho Chang
80%
James Sirius Potter
79%
Lily Luna Potter
79%
Phineas Nigellus Black
79%
Teddy Lupin
79%
Viktor Krum
79%
Nymphadora Tonks
78%
Peter Pettigrow
77%
Victoire Weasley
77%
Xenophilius Lovegood
77%
Cedric Diggory
76%
Dolores Ombrage
76%
Dudley Dursley
76%
Katie Bell
76%
Pétunia Dursley
76%
Alice Londubat
75%
Ted Tonks
75%
Vernon Dursley
75%
Alastor Maugrey
74%
Andromeda Tonks
74%
Dean Thomas
74%
Dobby
74%
Dominique Weasley
74%
Frank Londubat
74%
Muriel Weasley
74%
Orion Black
74%
Seamus Finnigan
74%
Tobias Rogue
74%
J Tom Jedusor Sr
74%
Louis Weasley
73%
Perceval Dumbledore
73%
Scorpius Malefoy
73%
Walburga Black
73%
Gregory Goyle
72%
Kendra Dumbledore
72%
Lucy Weasley
72%
Voldemort
72%
Bilius Weasley
71%
Gabrielle Delacour
71%
Helena Serdaigle / La Dame Grise
71%
Roxanne Weasley
71%
Salazar Serpentard
71%
Filius Flitwick
70%
Rodolphus Lestrange
70%
Rowena Serdaigle
70%
Amos Diggory
68%
Augusta Londubat
68%
Godric Gryffondor
68%
Hedwige
68%
Marjorie Dursley / Tante Marge
68%
Vincent Crabbe
68%
Helga Poufsouffle
67%
Pomona Chourave
67%
Argus Rusard
65%
Goyle Sr
65%
K Igor Karkaroff
65%
Parvati Patil
65%
Q Quirinus Quirrell
65%
Sibylle Trelawney
65%
Cornelius Fudge
64%
Padma Patil
64%
Gilderoy Lockhart
63%
Buck
62%
Crabbe Sr
61%
Horace Slughorn
60%
Nick Quasi-sans-tête
60%
P Pansy Parkinson
60%
Renée Bibine
60%
Garrick Ollivander
59%
Lavande Brown
59%
Poppy Pomfresh
59%
A Hannah Abbot
58%
Olivier Dubois
58%
Angelina Johnson
57%
Z Blaise Zabini
57%
Pattenrond
56%
Colin Crivey
55%
Le Baron Sanglant
55%
Olympe Maxime
55%
G Elvis Marvolo Gaunt
54%
Kingsley Shacklebolt
54%
Mme Granger
54%
Mr Granger
54%
Merope Gaunt
53%
C Alecto Carrow
52%
Amycus Carrow
52%
Aragog
52%
Firenze
52%
Morfin Gaunt
52%
Gellert Grindelwald
51%
Kreattur
51%
N Nagini
51%
Norbert Dragonneau
51%
Tom le barman
51%
Bathilda Tourdesac
50%
Fenrir Greyback
50%
Lee Jordan
49%
Mondingus Fletcher
48%
Dennis Crivey
47%
Rita Skeeter
47%
Rufus Scrimgeour
47%
Mimi Geignarde
46%
Peeves
46%
Susan Bones
46%
Cormac McLaggen
45%
Graup
45%
Norbert
45%
Winky
45%
Ernie Macmillan
44%
T Miss Teigne
44%
Y Corban Yaxley
43%
Gripsec
43%
Amelia Bones
42%
Cuthbert Binns
42%
D Ernie Danlmur
42%
Le Moine Gras
42%
F Arabella Figg
41%
Barty Croupton Jr
41%
Barty Croupton Sr
41%
Crockdur
41%
Fumseck
41%
R Stan Rocade
41%
Antonin Dolohov
40%
Grosse Dame
40%
Touffu
40%
Alicia Spinnet
39%
Frank Bryce
39%
Ludo Verpey
39%
Marcus Flint
39%
Pius Thickness
39%
Elphias Doge
38%
Ignotus Peverell
38%
Errol
37%
Justin Finch-Fletchley
37%
Romilda Vane
37%
Astoria Greengrass
36%
Charity Burbage
36%
Edgar Bones
36%
Antioch Peverell
35%
Cadmus Peverell
35%
Evan Rosier
35%
Millicent Bulstrode
35%
Wilhelmina Gobe-Planche
35%
Aurora Sinistra
34%
Barjow
34%
Irma Pince
34%
John Dawlish
34%
Coquecigrue
33%
Trevor
33%
Zacharias Smith
33%
Hepzibah Smith
32%
Mafalda Hopkrik
32%
Nicolas Flamel
32%
B Bane
31%
Caractacus Beurk
31%
Daphné Greengrass
31%
Marcus Belby
31%
Fabian Prewett
30%
Gideon Prewett
30%
Theodore Nott Jr
30%
Theodore Nott Sr
30%
Eileen Prince
29%
Mme Rosmerta
29%
Pénélope Deauclaire
28%
Reginal Cattermole
28%
Anthony Goldstein
26%
Hestia Jones
26%
Albert Runcorn
25%
Armando Dippet
25%
Augustus Rookwood
25%
Dedalus Diggle
25%
E Marietta Edgecombe
25%
Septima Vector
25%
Gregorovitch
24%
Michael Corner
24%
Terry Boot
24%
V Emmeline Vance
23%
Florian Fortarôme
23%
Arnold
22%
Roger Davies
22%
Bertha Jorkins
21%
Walden Macnair
21%
O Bob Ogden
20%
Silvanus Brûlopot
19%
Avery Jr
18%
Mme Guipure
18%
Piers Polkiss
18%
Marlene McKinnon
17%
Bogrod
16%
Galatea Têtenjoy
15%
Griselda Marchebank
15%
Jimmy Peakes
15%
Olive Hornby
15%
Sturgis Podmore
15%
Thorfinn Rowle
15%
Travers
15%
Augustus Pye
14%
Dilys Derwent
14%
S Scabior
13%
L Leanne
12%
Beedle le Barde
11%
Everard
11%
Mulciber Sr
11%
Terence Higgs
11%
Lucien Bole
10%
M Mme Mason
10%
Mr Mason
10%
Selwyn
10%
Williamson
5%
Wilkes
4%
Aucun quiz correspondant
Distribution des résultats
% des personnes avec chaque résultat
Percentile par nombre de réponses
Votre historique - résultats
Vous n’avez pas pris ce quiz depuis la dernière actualisation